Community and public health nursing: evidence for practice. / (Record no. 6395)

MARC details
000 -LEADER
fixed length control field 01748nam a22001817a 4500
008 - FIXED-LENGTH DATA ELEMENTS--GENERAL INFORMATION
fixed length control field 170714b xxu||||| |||| 00| 0 eng d
020 ## - INTERNATIONAL STANDARD BOOK NUMBER
International Standard Book Number 9781451191318
050 ## - LIBRARY OF CONGRESS CALL NUMBER
Classification number RT98.H373
100 ## - MAIN ENTRY--PERSONAL NAME
Personal name Harkness, Gail A.
245 ## - TITLE STATEMENT
Title Community and public health nursing: evidence for practice. /
Statement of responsibility, etc. Gail A. Harkness and Rosanna F. DeMarco.
250 ## - EDITION STATEMENT
Edition statement 2nd ed.
260 ## - PUBLICATION, DISTRIBUTION, ETC.
Place of publication, distribution, etc. Philadelphia:
Name of publisher, distributor, etc. Wolters Kluwer,
Date of publication, distribution, etc. 2016.
300 ## - PHYSICAL DESCRIPTION
Extent xvii, 558p.:
Other physical details ill.;
Dimensions 28cm.
500 ## - GENERAL NOTE
General note Includes bibliographical references and index.
505 ## - FORMATTED CONTENTS NOTE
Formatted contents note Contents: The Concept of public health nursing: Public health nursing: present, past, and future -- Public health systems -- Health policy, politics, and reform -- Health and the global environment -- Evidence-based practice and population health: Frameworks for health promotion, disease prevention, and risk reduction -- Epidemiology: the science of prevention -- Describing health conditions: understanding and using rates -- Gathering evidence for public health practice -- Implementing nursing practice in community settings: Planning for community change -- Cultural diversity and values -- Community assessment -- Care management, case management, and home healthcare -- Family assessment -- challenges in community and public health nursing: Risk of infectious and communicable diseases -- Emerging infectious diseases -- Violence and abuse -- Substance use -- Underserved populations -- Environmental health -- Community preparedness: disaster and terrorism -- Specialty practice: Community mental health -- School health -- Faith-oriented communities and health ministries in faith communities -- Palliative and end-of-life care -- Occupational health nursing.
700 ## - ADDED ENTRY--PERSONAL NAME
Personal name DeMarco, Rosanna F.
942 ## - ADDED ENTRY ELEMENTS (KOHA)
Source of classification or shelving scheme Library of Congress Classification
Koha item type Books
Holdings
Withdrawn status Lost status Source of classification or shelving scheme Damaged status Not for loan Collection code Home library Current library Shelving location Date acquired Total Checkouts Full call number Barcode Date last seen Copy number Price effective from Koha item type
    Library of Congress Classification     Non-fiction WISCONSIN INTERNATIONAL UNIVERSITY COLLEGE, GHANA - MAIN LIBRARY WISCONSIN INTERNATIONAL UNIVERSITY COLLEGE, GHANA - MAIN LIBRARY nursing 14/07/2017   RT98.H373 NURS/282/17 14/07/2017 1 14/07/2017 Books
    Library of Congress Classification     Non-fiction WISCONSIN INTERNATIONAL UNIVERSITY COLLEGE, GHANA - MAIN LIBRARY WISCONSIN INTERNATIONAL UNIVERSITY COLLEGE, GHANA - MAIN LIBRARY nursing 14/07/2017   RT98.H3731 NURS/283/17 14/07/2017 2 14/07/2017 Books

If you have any concerns or questions; kindly contact the library


© Powered by WIUC ICT DIRECTORATE